Tvorca prvého slovenského katolíckeho spevníka

Bibliographic Details
Main Author: Veteromontanus (Author)
Format: Article
Language:Slovak
Subjects:

MARC

LEADER 00000nab a2200000 a 4500
001 vtls000108421
003 SK-MaSNL
005 20260304013414.0
008 111104c1981 xo 0 slo
015 |a SNBRB19rr/mm-uuuuu 
035 |a CL0118524 
040 |a SNKBUCL  |b slo  |c SNKBUCL  |e AACR2 
041 0 |a slo 
044 |a xo  |c SK 
080 |a 783  |2 1981 
080 |a 929 Szollosi, Benedikt  |2 1981 
100 1 |a Veteromontanus  |4 aut  |9 921488 
245 1 0 |a Tvorca prvého slovenského katolíckeho spevníka  |c Veteromontanus 
650 0 7 |a cirkevná hudba  |2 snkbucl  |9 1748 
650 0 7 |a duchovné piesne  |2 snkbucl  |9 1928 
650 0 7 |a spevníky cirkevné  |2 snkbucl  |9 1294371 
650 0 7 |a Szöllösi, Benedikt  |2 snkbucl  |9 1294372 
655 7 |a články z novín a časopisov  |2 snkbucl  |9 267496 
773 0 |t Katolícke noviny  |g Roč. 96, č. 50 (1981), s. 5 
850 |a Slovenská národná knižnica v Martine  |a MTA001 
852 |a SNK  |b KIS3GCP 
958 |a RK 
992 |a RBX 
999 |c 2575681  |d 2577611